000 00500nam a2200157 i 4500
001 84574
003 ES-MaACL
007 t|
008 041123s1969 mx ||||1| spa d
100 1 _aJefferson, Charles Edward.
_966263
245 1 3 _aEl caracter de Pablo /
_cpor Charles Edward Jefferson ; traducido por Mabel N. de van Slyke.
260 _a[México] :
_bEl Faro,
_c1969.
300 _a207 p. :
_bil. ;
_c20 cm.
700 1 _aN. de van Slyke, Mabel.
_984769
852 _aES-MaACL
_jE-9258
_bR.93630
999 _c84574
_d84574